[Event "Guernsey Holiday 2012"]
[Site "?"]
[Date "2012.10.26"]
[Round "6"]
[White "Kok, Franciscus"]
[Black "Borland, Tom"]
[Result "1/2-1/2"]
[WhiteElo "1565"]
[BlackElo "1695"]
[PlyCount "67"]
[EventDate "2012.10.21"]

1. e4 e5 2. Nf3 Nf6 3. Nc3 Nc6 4. Bc4 Nxe4 5. Nxe4 d5 6. Bxd5 Qxd5 7. Nc3 Qd8
8. h3 Be7 9. O-O O-O 10. Re1 f6 11. d3 Be6 12. d4 Bf5 13. d5 Nb4 14. Re2 c6 15.
Nh4 Qd7 16. Nxf5 Qxf5 17. a3 Nxd5 18. Nxd5 cxd5 19. Qxd5+ Kh8 20. Qxb7 Bc5 21.
Qe4 Qxe4 22. Rxe4 Rab8 23. c3 Rfd8 24. Re1 Rb3 25. Ra2 Kg8 26. Kf1 Kf7 27. Be3
Bxe3 28. fxe3 Rd2 29. Re2 Rd1+ 30. Kf2 e4 31. Rc2 Ke6 32. a4 a5 33. Ke2 Rd3 34.
Rd2 1/2-1/2

[Event "Guernsey Holiday 2012"]
[Site "?"]
[Date "2012.10.26"]
[Round "6"]
[White "Ruigrok, Jacques"]
[Black "Harnden, Terry"]
[Result "1/2-1/2"]
[WhiteElo "1666"]
[BlackElo "1535"]
[PlyCount "49"]
[EventDate "2012.10.21"]

1. e4 c5 2. d4 cxd4 3. c3 d3 4. Bxd3 d6 5. c4 Nc6 6. Nc3 Nf6 7. Nf3 g6 8. O-O
Bg7 9. h3 O-O 10. Be3 Bd7 11. Qe2 b6 12. Rfd1 Rc8 13. Rac1 e5 14. Bb1 Na5 15.
b3 Nb7 16. Rd3 a6 17. Rcd1 Rc6 18. Qd2 Qc7 19. Nd5 Nxe4 {(=)} 20. Nxc7 Nxd2 21.
R3xd2 Rxc7 22. Bxb6 Rcc8 23. Be4 Bc6 24. Bxc6 Rxc6 25. Be3 1/2-1/2

[Event "Guernsey Holiday 2012"]
[Site "?"]
[Date "2012.10.26"]
[Round "6"]
[White "Gunn, Mike"]
[Black "Gibzinski, Stanislaw"]
[Result "1-0"]
[WhiteElo "1584"]
[BlackElo "1237"]
[PlyCount "47"]
[EventDate "2012.10.21"]

1. c4 e6 2. d4 d5 3. Nc3 Nf6 4. Nf3 c6 5. cxd5 cxd5 6. e3 Bd6 7. Bd3 O-O 8. O-O
a6 9. b3 b5 10. Bb2 Nc6 11. Rc1 Nb4 12. Bb1 Bd7 13. a3 Nc6 14. e4 dxe4 15. Nxe4
Bf4 16. Nxf6+ Qxf6 17. Rxc6 Bxc6 18. Qc2 g6 19. Qxc6 Rab8 20. Qe4 Rfd8 21. Ne5
Rd5 22. g3 Bxe5 23. dxe5 Rbd8 24. exf6 1-0

[Event "Guernsey Holiday 2012"]
[Site "?"]
[Date "2012.10.26"]
[Round "6"]
[White "Le Maitre, Richard"]
[Black "Joyeux, Gerard"]
[Result "1/2-1/2"]
[WhiteElo "1378"]
[BlackElo "1601"]
[PlyCount "61"]
[EventDate "2012.10.21"]

1. d4 d5 2. c4 e5 3. dxe5 d4 4. Nf3 Nc6 5. e3 Bb4+ 6. Bd2 dxe3 7. fxe3 Bg4 8.
Qe2 Bxd2+ 9. Nbxd2 Nxe5 10. O-O-O Qe7 11. h3 Be6 12. Nxe5 Nf6 13. g4 O-O 14.
Bg2 c6 15. Ne4 Nxe4 16. Bxe4 Bc8 17. Bxh7+ Kxh7 18. Qd3+ Kg8 19. Qc3 Re8 20.
Nd3 Qxe3+ 21. Kb1 Qg5 22. Rde1 Rxe1+ 23. Rxe1 Be6 24. Ne5 Qh6 25. Rd1 Qh7+ 26.
Ka1 Qh6 27. Qd3 Qf4 28. Re1 a5 29. Qe3 Qxe3 30. Rxe3 Rd8 31. b3 1/2-1/2

[Event "Guernsey Holiday 2012"]
[Site "?"]
[Date "2012.10.26"]
[Round "6"]
[White "Wood, Stuart"]
[Black "Brown, Jim"]
[Result "1-0"]
[WhiteElo "1456"]
[BlackElo "1224"]
[PlyCount "29"]
[EventDate "2012.10.21"]

1. d4 c6 2. Bf4 d6 3. e3 Nd7 4. Bd3 e5 5. dxe5 dxe5 6. Bg3 Be7 7. Nf3 Ngf6 8.
Nxe5 Nxe5 9. Bxe5 Qa5+ 10. Bc3 Qd5 11. O-O O-O 12. Bd4 Qd6 13. Bxf6 Bxf6 14.
Bxh7+ Kxh7 15. Qxd6 1-0

[Event "Guernsey Holiday 2012"]
[Site "?"]
[Date "2012.10.26"]
[Round "6"]
[White "Van Beek, Ronald"]
[Black "Bennett, David"]
[Result "1/2-1/2"]
[WhiteElo "1365"]
[BlackElo "1400"]
[PlyCount "44"]
[EventDate "2012.10.21"]

1. d4 Nf6 2. Nf3 c5 3. c3 cxd4 4. cxd4 e6 5. Bg5 Qa5+ 6. Nc3 Ne4 7. Bd2 Nxd2 8.
Nxd2 Bb4 9. Qc1 Nc6 10. e3 O-O 11. Nb3 Qb6 12. a3 Bxc3+ 13. Qxc3 d5 14. g3 Qd8
15. Bg2 Bd7 16. O-O Rc8 17. Qd3 b6 18. Rfc1 Ne7 19. Nd2 Ng6 20. Nf3 Qe8 21. h4
Bb5 22. Qd2 Ne7 1/2-1/2

[Event "Guernsey Holiday 2012"]
[Site "?"]
[Date "2012.10.26"]
[Round "6"]
[White "Newrick, William R"]
[Black "Davidson, Laura"]
[Result "0-1"]
[WhiteElo "1440"]
[BlackElo "912"]
[PlyCount "38"]
[EventDate "2012.10.21"]

1. d4 Nf6 2. c4 g6 3. Nc3 d5 4. e3 Bg7 5. Nf3 O-O 6. cxd5 Nxd5 7. e4 Nxc3 8.
bxc3 c5 9. Be3 Nc6 10. Rc1 Bg4 11. Qb3 Bxf3 12. gxf3 cxd4 13. cxd4 Nxd4 14.
Bxd4 Qxd4 15. Be2 Rad8 16. O-O b6 17. Rfd1 Qf6 18. Rc7 Qf4 19. Rxe7 Qg5+ 0-1

[Event "Guernsey Holiday 2012"]
[Site "?"]
[Date "2012.10.26"]
[Round "6"]
[White "Herschmann, Heinz"]
[Black "Kerr, Matthew"]
[Result "1/2-1/2"]
[WhiteElo "1360"]
[BlackElo "1300"]
[PlyCount "59"]
[EventDate "2012.10.21"]

1. e4 e5 2. Nf3 Nc6 3. d3 Bc5 4. Qe2 h6 5. Be3 Bxe3 6. Qxe3 d6 7. Be2 Nf6 8. h3
O-O 9. O-O Nb4 10. Qd2 c5 11. a3 Nc6 12. Nc3 Be6 13. Nh2 Nd4 14. Nf3 Qa5 15.
Nxd4 exd4 16. Nb1 Qxd2 17. Nxd2 b5 18. b3 a5 19. a4 b4 20. Bf3 d5 21. exd5 Bxd5
22. Bxd5 Nxd5 23. Rfe1 Rfe8 24. Nf3 Re7 25. Rxe7 Nxe7 26. Re1 Re8 27. Kf1 Kf8
28. Re5 Rc8 29. Nd2 f6 30. Re1 1/2-1/2

[Event "Guernsey Holiday 2012"]
[Site "?"]
[Date "2012.10.27"]
[Round "7"]
[White "Perrin, Jonathan"]
[Black "Van Nijen, Peter"]
[Result "1/2-1/2"]
[WhiteElo "1736"]
[BlackElo "1678"]
[PlyCount "36"]
[EventDate "2012.10.21"]

1. f4 d5 2. Nf3 Nf6 3. d3 e6 4. c3 c5 5. e3 Nc6 6. Be2 Be7 7. O-O Qc7 8. d4
cxd4 9. exd4 Bd7 10. Ne5 Rf8 11. Be3 O-O-O 12. Nd2 Nxe5 13. fxe5 Ne4 14. Bd3 f5
15. exf6 Nxf6 16. Bf4 Bd6 17. Bxd6 Qxd6 18. Qe2 h5 1/2-1/2

[Event "Guernsey Holiday 2012"]
[Site "?"]
[Date "2012.10.27"]
[Round "7"]
[White "Van Hoek, Wim"]
[Black "Hoogakker, Peter"]
[Result "1-0"]
[WhiteElo "1721"]
[BlackElo "1730"]
[PlyCount "69"]
[EventDate "2012.10.21"]

1. c4 d6 2. Nc3 Nf6 3. g3 e5 4. Bg2 Nbd7 5. e3 c6 6. Nge2 Be7 7. O-O Qc7 8. d4
Nf8 9. f4 exd4 10. exd4 Bf5 11. Kh1 O-O-O 12. d5 c5 13. Re1 h6 14. Nb5 Qb6 15.
Nec3 Rd7 16. a4 a6 17. a5 Qd8 18. Na3 Ne8 19. Nc2 g5 20. Ne3 Ng7 21. Nxf5 Nxf5
22. Bh3 Nd4 23. Bxd7+ Qxd7 24. Be3 Bf6 25. Ne4 Qd8 26. Nxf6 Qxf6 27. Bxd4 Qxd4
28. Qxd4 cxd4 29. Rad1 Nd7 30. Rxd4 f5 31. Re6 Nc5 32. Rxd6 Nb3 33. Rd3 Nxa5
34. b3 Kc7 35. Rf6 1-0

[Event "Guernsey Holiday 2012"]
[Site "?"]
[Date "2012.10.27"]
[Round "7"]
[White "Hamann, Marcus"]
[Black "Leung, Simon"]
[Result "1/2-1/2"]
[WhiteElo "1756"]
[BlackElo "1640"]
[PlyCount "88"]
[EventDate "2012.10.21"]

1. e4 e6 2. d4 d5 3. Nc3 Bb4 4. e5 c5 5. a3 Bxc3+ 6. bxc3 Ne7 7. f4 Qc7 8. Nf3
Nbc6 9. Bb5 Bd7 10. O-O Nxe5 11. Nxe5 Bxb5 12. Rf2 Nc6 13. Nxc6 Qxc6 14. f5
exf5 15. a4 Bxa4 16. Qe2+ Kf8 17. Ba3 b6 18. Rxf5 f6 19. Re1 Re8 20. Qxe8+ Qxe8
21. Rxe8+ Kxe8 22. dxc5 Bc6 23. cxb6 axb6 24. Rf2 Kf7 25. Re2 Ra8 26. Bb4 Ba4
27. Kf2 Bb5 28. Re7+ Kg6 29. Rb7 Ba4 30. Rxb6 Bxc2 31. Rb5 Be4 32. Ra5 Rd8 33.
g3 d4 34. cxd4 Rxd4 35. Bc5 Rc4 36. Ke3 Bf5 37. h4 Rc3+ 38. Kf4 Rc4+ 39. Ke3
Be6 40. Bd4 Rc2 41. Rc5 Ra2 42. Kf4 Kf7 43. Ke3 Ke7 44. Rc3 Kd7 1/2-1/2

[Event "Guernsey Holiday 2012"]
[Site "?"]
[Date "2012.10.27"]
[Round "7"]
[White "Haisma, Henk"]
[Black "Pemberton, Clive"]
[Result "1-0"]
[WhiteElo "1632"]
[BlackElo "1704"]
[PlyCount "65"]
[EventDate "2012.10.21"]

1. b4 e5 2. Bb2 Bxb4 3. Bxe5 Nf6 4. c4 Nc6 5. Bb2 O-O 6. Nf3 d5 7. cxd5 Nxd5 8.
e3 a5 9. a3 Be7 10. Be2 Bf5 11. O-O Nf6 12. d4 Re8 13. Bb5 Bd7 14. Bd3 Bg4 15.
Nbd2 Bd6 16. Qc2 h6 17. h3 Bd7 18. e4 Bf4 19. Rfe1 Rc8 20. d5 Ne5 21. Nxe5 Bxe5
22. Bxe5 Rxe5 23. Nc4 Rg5 24. Re3 b6 25. Be2 Nh5 26. h4 Rg6 27. Bxh5 Qxh4 28.
Bxg6 fxg6 29. Ne5 Qf6 30. Qc3 Ba4 31. Rf3 Qd6 32. Nc6 b5 33. e5 1-0

[Event "Guernsey Holiday 2012"]
[Site "?"]
[Date "2012.10.27"]
[Round "7"]
[White "Kershaw, Graham J"]
[Black "Baart, Edwin"]
[Result "0-1"]
[WhiteElo "1696"]
[BlackElo "1684"]
[PlyCount "104"]
[EventDate "2012.10.21"]

1. e4 e5 2. Nf3 Nc6 3. Bb5 a6 4. Ba4 Nf6 5. O-O Be7 6. Re1 b5 7. Bb3 d6 8. d3
Na5 9. c3 Nxb3 10. Qxb3 O-O 11. h3 Be6 12. Qc2 c5 13. Nbd2 Ne8 14. g4 Qd7 15.
Nh2 d5 16. Ndf1 Nf6 17. f3 dxe4 18. dxe4 Rad8 19. Be3 Qd3 20. Qf2 Qd6 21. Ng3
Qc7 22. Nhf1 Rd3 23. Kh2 Rfd8 24. Qg2 Ne8 25. Qg1 g6 26. Ne2 Bh4 27. Nfg3 Qc8
28. Rf1 Be7 29. Nf5 Bf8 30. Nh6+ Kg7 31. h4 Be7 32. Nf5+ Bxf5 33. gxf5 Bxh4 34.
Bg5 Bxg5 35. Qxg5 f6 36. Qg4 Nc7 37. Kg3 Rh8 38. Rh1 Qe8 39. Rh4 h5 40. Qh3 g5
41. Kf2 gxh4 42. Rg1+ Kf8 43. Qxh4 Qf7 44. Rg6 Ne8 45. Ng3 Ke7 46. f4 Rg8 47.
Qxh5 exf4 48. Ne2 Nd6 49. Nxf4 Nxe4+ 50. Ke1 Rg3 51. Qh1 Re3+ 52. Kd1 Nf2+ 0-1

[Event "Guernsey Holiday 2012"]
[Site "?"]
[Date "2012.10.27"]
[Round "7"]
[White "Gallagher, Daniel"]
[Black "Foster, Paul"]
[Result "0-1"]
[WhiteElo "1144"]
[BlackElo "1688"]
[PlyCount "68"]
[EventDate "2012.10.21"]

1. e4 c6 2. d4 d5 3. e5 c5 4. c3 Nc6 5. Nf3 e6 6. Be2 Nge7 7. Bg5 h6 8. Bh4
cxd4 9. cxd4 Qa5+ 10. Kf1 g5 11. Bg3 b6 12. Nc3 Nf5 13. a3 Ba6 14. h3 Bxe2+ 15.
Nxe2 Qa6 16. Kg1 Rc8 17. Kh2 Be7 18. Qd2 Na5 19. Rad1 Kd7 20. Qd3 Qxd3 21. Rxd3
Rc2 22. Rd2 Rhc8 23. b4 Nb3 24. Rxc2 Rxc2 25. Rb1 Nd2 26. Nxd2 Rxd2 27. Nc3
Nxd4 28. Rd1 Rxd1 29. Nxd1 b5 30. Nc3 Kc6 31. f4 Nc2 32. Nb1 d4 33. Bf2 gxf4
34. Nd2 Kd5 0-1

[Event "Guernsey Holiday 2012"]
[Site "?"]
[Date "2012.10.27"]
[Round "7"]
[White "Bateman, Kerry"]
[Black "Gibson, John"]
[Result "1-0"]
[WhiteElo "1676"]
[BlackElo "1780"]
[PlyCount "79"]
[EventDate "2012.10.21"]

1. e4 d6 2. Nf3 c5 3. d4 cxd4 4. c3 dxc3 5. Nxc3 Nc6 6. Bc4 h6 7. O-O Bg4 8.
Qb3 e6 9. Qxb7 Nge7 10. Bb5 Rc8 11. Nd4 Qc7 12. Qxc7 Rxc7 13. h3 Bh5 14. f4 Kd8
15. Be3 Nxd4 16. Bxd4 f6 17. g4 Bf7 18. e5 dxe5 19. fxe5 f5 20. Rad1 Nd5 21.
gxf5 Bc5 22. Bxc5 Rxc5 23. a4 Ke7 24. Nxd5+ exd5 25. b4 Rxb5 26. axb5 Rd8 27.
Ra1 d4 28. Rxa7+ Ke8 29. Rd1 d3 30. e6 Bh5 31. Rd2 Rd4 32. Rd7 Rxb4 33. R2xd3
Rxb5 34. R7d5 Rb1+ 35. Kf2 Rb2+ 36. Kg3 Rb8 37. f6 Be2 38. Rd8+ Rxd8 39. Rxd8+
Kxd8 40. fxg7 1-0

[Event "Guernsey Holiday 2012"]
[Site "?"]
[Date "2012.10.27"]
[Round "7"]
[White "Jongerius, Marc"]
[Black "Collins, Alan"]
[Result "1/2-1/2"]
[WhiteElo "1674"]
[BlackElo "1744"]
[PlyCount "33"]
[EventDate "2012.10.21"]

1. e4 d5 2. exd5 Qxd5 3. Nc3 Qe5+ 4. Qe2 Qxe2+ 5. Bxe2 c6 6. Nf3 Nf6 7. d3 Bf5
8. Nd4 Bg6 9. Bf3 e6 10. O-O Be7 11. Re1 O-O 12. Bf4 Nbd7 13. Re2 Bh5 14. Bxh5
Nxh5 15. Bd2 Nhf6 16. Rae1 Bd6 17. Ne4 1/2-1/2

[Event "Guernsey Holiday 2012"]
[Site "?"]
[Date "2012.10.27"]
[Round "7"]
[White "Vonhoff, Joerg"]
[Black "Derrick, Neil"]
[Result "1/2-1/2"]
[WhiteElo "1658"]
[BlackElo "1656"]
[PlyCount "111"]
[EventDate "2012.10.21"]

1. e4 c5 2. Nf3 d6 3. d4 cxd4 4. Nxd4 Nf6 5. Nc3 a6 6. Be2 e5 7. Nf3 Be7 8. O-O
O-O 9. h3 Be6 10. Ng5 Nbd7 11. Nxe6 fxe6 12. Bc4 Nc5 13. f3 b5 14. Bb3 Nxb3 15.
cxb3 b4 16. Na4 d5 17. exd5 exd5 18. Re1 Qd6 19. Bg5 Rad8 20. Rc1 Nh5 21. Bxe7
Qxe7 22. Qe2 Rfe8 23. Qxa6 Qg5 24. Qf1 Nf4 25. Kh2 d4 26. Nc5 d3 27. Ne4 Qh6
28. Rc4 d2 29. Rd1 Nd5 30. Rxd2 Ne3 31. Qe2 Rxd2 32. Nxd2 Nxc4 33. Qxc4+ Kh8
34. Qxb4 Qf4+ 35. Qxf4 exf4 36. a4 Rd8 37. Ne4 Rb8 38. Nc5 Kg8 39. a5 Rb5 40.
b4 Rxb4 41. a6 Rxb2 42. Nd3 Ra2 43. Nxf4 Rxa6 44. h4 Kf7 45. g4 Kf6 46. Nd5+
Ke5 47. Nb4 Ra4 48. Nd3+ Kd4 49. Nf2 Ke3 50. Kg3 Ra1 51. Nh3 Rf1 52. f4 g6 53.
h5 Rf3+ 54. Kg2 gxh5 55. gxh5 h6 56. Kh2 1/2-1/2

[Event "Guernsey Holiday 2012"]
[Site "?"]
[Date "2012.10.27"]
[Round "7"]
[White "Goman, Colin"]
[Black "Beadle, John"]
[Result "1/2-1/2"]
[WhiteElo "1584"]
[BlackElo "1688"]
[PlyCount "38"]
[EventDate "2012.10.21"]

1. d4 Nf6 2. c4 c6 3. Nf3 d5 4. b3 Bf5 5. e3 e6 6. Be2 h6 7. O-O Be7 8. Bb2 O-O
9. Bd3 Bxd3 10. Qxd3 Nbd7 11. Nbd2 Rc8 12. e4 b6 13. e5 Nh7 14. Ne1 f5 15. f4
Kh8 16. Rf3 Rg8 17. Kf2 Ndf8 18. Ke2 Ng6 19. g3 Qe8 1/2-1/2

[Event "Guernsey Holiday 2012"]
[Site "?"]
[Date "2012.10.27"]
[Round "7"]
[White "Finch, Russell"]
[Black "Hunt, Ray"]
[Result "1-0"]
[WhiteElo "1600"]
[BlackElo "1632"]
[PlyCount "55"]
[EventDate "2012.10.21"]

1. d4 d5 2. e3 Nf6 3. Bd3 e6 4. c3 c5 5. f4 cxd4 6. cxd4 Bb4+ 7. Bd2 Bxd2+ 8.
Nxd2 Nc6 9. a3 Bd7 10. Ngf3 O-O 11. O-O Rc8 12. Ne5 Nxe5 13. fxe5 Ne8 14. Qh5
g6 15. Qh6 f5 16. g4 Qe7 17. gxf5 exf5 18. Rf3 Qg7 19. Qh4 Nc7 20. Raf1 Be6 21.
Rg3 Rf7 22. Nf3 Qf8 23. Ng5 Rg7 24. Kh1 Qe7 25. Rfg1 Kf8 26. Qh6 Bg8 27. Bxf5
Ke8 28. Bxc8 1-0

[Event "Guernsey Holiday 2012"]
[Site "?"]
[Date "2012.10.27"]
[Round "7"]
[White "Bakkes, Frits"]
[Black "Gunn, Mike"]
[Result "1-0"]
[WhiteElo "1619"]
[BlackElo "1584"]
[PlyCount "48"]
[EventDate "2012.10.21"]

1. e4 e6 2. d4 d5 3. Nc3 Bb4 4. e5 Ne7 5. f4 c5 6. Nf3 Bd7 7. Be2 Nbc6 8. O-O
a6 9. Be3 Nf5 10. Bf2 cxd4 11. Nxd4 Nfxd4 12. Bxd4 Nxd4 13. Qxd4 Qe7 14. Kh1
Bc5 15. Qd2 Rc8 16. f5 Bb4 17. f6 Bxc3 18. bxc3 gxf6 19. Rxf6 Qc5 20. Bh5 Rf8
21. Qh6 Kd8 22. Raf1 Kc7 23. Rxf7 Rfd8 24. Qxe6 Qxc3 1-0

[Event "Guernsey Holiday 2012"]
[Site "?"]
[Date "2012.10.27"]
[Round "7"]
[White "Rowe, Oliver"]
[Black "Naldrett, Geoff W"]
[Result "1/2-1/2"]
[WhiteElo "1394"]
[BlackElo "1616"]
[PlyCount "47"]
[EventDate "2012.10.21"]

1. d4 Nf6 2. Nf3 e6 3. Bf4 d5 4. e3 Bd6 5. Ne5 Nbd7 6. Nd2 O-O 7. Ndf3 h6 8. h3
Qe7 9. Bd3 c5 10. c3 c4 11. Bc2 Nb6 12. O-O Bd7 13. Re1 Rac8 14. Rc1 Bc6 15.
Qe2 Rfd8 16. Nxc6 Rxc6 17. Ne5 Rcc8 18. e4 Qc7 19. Qf3 a6 20. exd5 Nbxd5 21.
Bd2 b5 22. Qg3 Kh8 23. Qh4 Bf8 24. f4 1/2-1/2

[Event "Guernsey Holiday 2012"]
[Site "?"]
[Date "2012.10.27"]
[Round "7"]
[White "Nalichowski, Bogdan"]
[Black "Kok, Franciscus"]
[Result "0-1"]
[WhiteElo "1611"]
[BlackElo "1565"]
[PlyCount "110"]
[EventDate "2012.10.21"]

1. e4 c5 2. Nc3 d6 3. Bc4 a6 4. a4 Nc6 5. Nf3 Bg4 6. Ne5 Nxe5 7. Bxf7+ Kxf7 8.
f3 Bd7 9. d3 e6 10. O-O Be7 11. f4 Nc6 12. f5 Nf6 13. fxe6+ Bxe6 14. Qh5+ g6
15. Qh4 Ke8 16. Bg5 Nd7 17. Bxe7 Qxe7 18. Qg3 Nf6 19. Rae1 Nb4 20. e5 Nh5 21.
Qf2 d5 22. Qd2 Rf8 23. Ne2 Rxf1+ 24. Rxf1 Kd7 25. d4 c4 26. b3 cxb3 27. c4 dxc4
28. Nc3 Nd5 29. Ne4 b6 30. a5 c3 31. Nxc3 Nxc3 32. Qxc3 Rc8 33. Qf3 Bc4 34. Re1
bxa5 35. d5 Rb8 36. d6 Qe6 37. Qe3 Rb7 38. Qh6 Qg8 39. Qe3 b2 40. Qe4 Rb4 41.
Qc2 Qe6 42. Qf2 Rb7 43. Qc2 Qd5 44. e6+ Qxe6 45. Qa4+ Rb5 46. Rxe6 b1=Q+ 47.
Kf2 Kxe6 48. Qxc4+ Rd5 49. d7 Qf5+ 50. Kg1 Kxd7 51. Qa4+ Kd6 52. Qa3+ Rc5 53.
h3 Qb1+ 54. Kh2 Qe4 55. Qb3 Qf4+ 0-1

[Event "Guernsey Holiday 2012"]
[Site "?"]
[Date "2012.10.27"]
[Round "7"]
[White "Dokter, Marike"]
[Black "Savident, David"]
[Result "1/2-1/2"]
[WhiteElo "1568"]
[BlackElo "1701"]
[PlyCount "64"]
[EventDate "2012.10.21"]

1. e4 Nf6 2. Nc3 d6 3. d4 g6 4. Nf3 Bg7 5. Be2 O-O 6. O-O b6 7. Re1 Bb7 8. d5
Nbd7 9. Rb1 e5 10. h3 Nc5 11. Bf1 Nh5 12. b4 Nd7 13. a4 a5 14. b5 Bc8 15. Nh2
f5 16. Be2 Nhf6 17. exf5 gxf5 18. Bg5 Qe8 19. Bd3 Nc5 20. f4 e4 21. Bxf6 Bxf6
22. Qd2 Qg6 23. Bc4 Rf7 24. Bb3 h5 25. Nd1 h4 26. Ne3 Rg7 27. Re2 Bd7 28. Nhf1
Kf7 29. Rbe1 Rag8 30. Rf2 Rh7 31. Ree2 Qg7 32. Qd1 Bd4 1/2-1/2

[Event "Guernsey Holiday 2012"]
[Site "?"]
[Date "2012.10.27"]
[Round "7"]
[White "Jones, Sid A"]
[Black "Ruigrok, Jacques"]
[Result "0-1"]
[WhiteElo "1448"]
[BlackElo "1666"]
[PlyCount "55"]
[EventDate "2012.10.21"]

1. d4 Nf6 2. c4 e6 3. Nc3 Bb4 4. a3 Bxc3+ 5. bxc3 Nc6 6. Nf3 d5 7. e3 O-O 8.
Be2 Re8 9. O-O e5 10. h3 exd4 11. cxd4 Ne4 12. Bb2 Be6 13. c5 Ne7 14. Rc1 c6
15. Ne5 f6 16. Ng4 Ng6 17. Qe1 Qc7 18. f4 Ne7 19. Nh2 Nf5 20. Bd3 Bd7 21. Bxe4
Rxe4 22. Ng4 Rae8 23. Rf3 h5 24. Nf2 Rxe3 25. Rxe3 Nxe3 26. g3 Nf5 27. Qd2 Nxg3
28. Re1 0-1

[Event "Guernsey Holiday 2012"]
[Site "?"]
[Date "2012.10.27"]
[Round "7"]
[White "Borland, Tom"]
[Black "Harnden, Terry"]
[Result "1/2-1/2"]
[WhiteElo "1695"]
[BlackElo "1535"]
[PlyCount "34"]
[EventDate "2012.10.21"]

1. d4 Nf6 2. Nf3 e6 3. Bg5 d5 4. e3 g6 5. Nbd2 Bg7 6. Ne5 O-O 7. Bd3 Qd6 8. O-O
Nbd7 9. f4 c5 10. c3 c4 11. Bc2 b5 12. Qf3 a5 13. Qh3 Qc7 14. Bh6 Nxe5 15. fxe5
Ne8 16. Rf4 f5 17. Rh4 Bxh6 1/2-1/2

[Event "Guernsey Holiday 2012"]
[Site "?"]
[Date "2012.10.27"]
[Round "7"]
[White "Kerr, Matthew"]
[Black "Van Beek, Ronald"]
[Result "1-0"]
[WhiteElo "1300"]
[BlackElo "1365"]
[PlyCount "26"]
[EventDate "2012.10.21"]

1. e4 e5 2. Bc4 Nf6 3. Nc3 Bb4 4. d3 O-O 5. Bg5 h6 6. Bd2 Nc6 7. Nf3 d6 8. O-O
a6 9. Qc1 Bg4 10. Nh4 Nh7 11. Nf5 Qf6 12. Nd5 Qg6 13. Nde7+ Nxe7 1-0

[Event "Guernsey Holiday 2012"]
[Site "?"]
[Date "2012.10.27"]
[Round "7"]
[White "Bennett, David"]
[Black "Le Maitre, Richard"]
[Result "1/2-1/2"]
[WhiteElo "1400"]
[BlackElo "1378"]
[PlyCount "107"]
[EventDate "2012.10.21"]

1. Nf3 d5 2. d4 Nc6 3. Bf4 e6 4. Nbd2 Nf6 5. e3 Bd6 6. Bg5 O-O 7. Be2 h6 8.
Bxf6 Qxf6 9. O-O Re8 10. c4 dxc4 11. Nxc4 Bf8 12. a3 b5 13. Ncd2 a6 14. Rc1 Bb7
15. Nb3 Rad8 16. Qc2 Rc8 17. Nbd2 Qd8 18. Bd3 Ne7 19. Bh7+ Kh8 20. Be4 Nd5 21.
Ne5 Qe7 22. Bg6 f5 23. Bxe8 Qxe8 24. Ndf3 Bd6 25. e4 Nf4 26. Rcd1 Bxe4 27. Qd2
Bxe5 28. Nxe5 Nxg2 29. f3 Bxf3 30. Rxf3 Nh4 31. Rh3 Qh5 32. Qd3 Rf8 33. Ng6+
Qxg6+ 34. Rg3 Qf6 35. Rc1 Qe7 36. Rc6 Ra8 37. Qc3 Ra7 38. Qb3 Qd7 39. Qxe6
Qxd4+ 40. Qe3 Qd1+ 41. Kf2 Qd7 42. Re6 c6 43. Rh3 f4 44. Re8+ Kh7 45. Qe4+ Qf5
46. Qxf5+ Nxf5 47. Rc8 Nd4 48. Rd3 c5 49. Rxc5 Ne6 50. Rc6 Ng5 51. h4 Nf7 52.
Rd4 Ne5 53. Rc8 Ng6 54. h5 1/2-1/2

[Event "Guernsey Holiday 2012"]
[Site "?"]
[Date "2012.10.27"]
[Round "7"]
[White "Joyeux, Gerard"]
[Black "Davidson, Laura"]
[Result "1-0"]
[WhiteElo "1601"]
[BlackElo "912"]
[PlyCount "55"]
[EventDate "2012.10.21"]

1. d4 Nf6 2. Nc3 d5 3. e4 Nxe4 4. Nxe4 dxe4 5. Bc4 Bf5 6. c3 e6 7. Ne2 Nd7 8.
Ng3 Bg6 9. f3 exf3 10. Qxf3 Bd6 11. O-O Bxg3 12. Qxg3 Nb6 13. Bb3 Qd7 14. Bg5
f6 15. Bf4 O-O-O 16. Rfe1 Bf7 17. Rad1 g5 18. Be3 h6 19. Bf2 h5 20. Qf3 f5 21.
Bc2 h4 22. d5 Bh5 23. dxe6 Qe7 24. Rxd8+ Qxd8 25. Qxf5 Rf8 26. e7+ Rxf5 27.
exd8=Q+ Kxd8 28. Bxf5 1-0

[Event "Guernsey Holiday 2012"]
[Site "?"]
[Date "2012.10.27"]
[Round "7"]
[White "Brown, Jim"]
[Black "Newrick, William R"]
[Result "1/2-1/2"]
[WhiteElo "1224"]
[BlackElo "1440"]
[PlyCount "27"]
[EventDate "2012.10.21"]

1. Nf3 d5 2. d4 Nf6 3. e3 e6 4. Nbd2 Bd6 5. Be2 O-O 6. O-O c5 7. b3 cxd4 8.
exd4 Nc6 9. Bb2 Qc7 10. h3 Rd8 11. a3 Bf4 12. Re1 Ne4 13. Rf1 Nxd2 14. Nxd2
1/2-1/2

[Event "Guernsey Open 2013"]
[Site "Guernsey GCI"]
[Date "2013.10.20"]
[Round "1"]
[White "Thurlow, Kevin J"]
[Black "Tiviakov, Sergei"]
[Result "0-1"]
[WhiteElo "2016"]
[BlackElo "2652"]
[PlyCount "88"]
[EventDate "2013.10.20"]
[EventType "swiss"]
[EventRounds "7"]

1. c4 e5 2. Nc3 Nf6 3. Nf3 Nc6 4. e3 Bb4 5. Qc2 Bxc3 6. Qxc3 Qe7 7. a3 d5 8. d4
exd4 9. Nxd4 Nxd4 10. Qxd4 c5 11. Qh4 dxc4 12. Bxc4 O-O 13. Bd2 Be6 14. Bc3
Bxc4 15. Qxc4 Ne4 16. O-O Rfd8 17. Rad1 b6 18. f3 Nxc3 19. Qxc3 Rd6 20. e4 Rad8
21. Qc2 h6 22. g3 Qd7 23. Rxd6 Qxd6 24. Rf2 Qd4 25. Kg2 b5 26. Re2 c4 27. f4 a5
28. Kf3 h5 29. e5 Qg1 30. Rd2 Qh1+ 31. Ke3 Qe1+ 32. Re2 Rd3+ 33. Ke4 Qg1 34.
Rf2 h4 35. Qe2 hxg3 36. hxg3 Qxg3 37. Rg2 Qh3 38. f5 Qh4+ 39. Rg4 Qh1+ 40. Kf4
Qc1+ 41. Ke4 Rd2 42. Qe3 Qh1+ 43. Kf4 Qh2+ 44. Kf3 Rd3 0-1

[Event "Guernsey Open 2013"]
[Site "Guernsey GCI"]
[Date "2013.10.20"]
[Round "1"]
[White "Hillarp Persson, Tiger"]
[Black "Schmitz, Manuela"]
[Result "1-0"]
[WhiteElo "2557"]
[BlackElo "2002"]
[PlyCount "77"]
[EventDate "2013.10.20"]
[EventType "swiss"]
[EventRounds "7"]

1. Nf3 Nf6 2. c4 e6 3. g3 Be7 4. Bg2 O-O 5. O-O d5 6. d4 b6 7. Nc3 Bb7 8. Ne5
Nbd7 9. Qa4 Nxe5 10. dxe5 Ne4 11. Rd1 Nc5 12. Qc2 c6 13. Bf4 g5 14. Be3 Qc7 15.
f4 Rac8 16. Rac1 Rfd8 17. cxd5 cxd5 18. Bd4 Qd7 19. Qd2 g4 20. e3 Kh8 21. Qe2
Rg8 22. Nxd5 Bxd5 23. Bxd5 Qxd5 24. Bxc5 Qb7 25. Bxe7 Qxe7 26. Rxc8 Rxc8 27.
Qxg4 h6 28. Qe2 Kg7 29. Kg2 Qc5 30. Kh3 Qc2 31. Qg4+ Qg6 32. Qxg6+ Kxg6 33. Rd2
Rc4 34. Kh4 Re4 35. Rd3 Rb4 36. b3 a5 37. Rd4 Rb5 38. e4 Rc5 39. Rc4 1-0

[Event "Guernsey Open 2013"]
[Site "Guernsey GCI"]
[Date "2013.10.20"]
[Round "1"]
[White "Hermes, Geoff"]
[Black "Hebden, Mark"]
[Result "0-1"]
[WhiteElo "1995"]
[BlackElo "2548"]
[PlyCount "74"]
[EventDate "2013.10.20"]
[EventType "swiss"]
[EventRounds "7"]

1. e4 e5 2. Nf3 Nc6 3. d4 exd4 4. Nxd4 Nf6 5. Nxc6 bxc6 6. e5 Ne4 7. Bd3 Nc5 8.
O-O d6 9. Re1 Be6 10. Qf3 Qd7 11. Bb5 d5 12. Bd3 a5 13. Nd2 Be7 14. Nb3 Nxd3
15. Qxd3 a4 16. Nd4 O-O 17. Qg3 Rfb8 18. Bh6 Bf8 19. b3 c5 20. Nxe6 fxe6 21.
Re3 axb3 22. cxb3 d4 23. Rf3 c4 24. bxc4 Rxa2 25. Rd1 Rc2 26. h4 Rxc4 27. h5
Rcb4 28. Bg5 Rb1 29. Rxb1 Rxb1+ 30. Kh2 Rb8 31. Qf4 c5 32. h6 g6 33. Qf6 c4 34.
Bc1 Bc5 35. Qg5 Rf8 36. Rxf8+ Bxf8 37. Qg4 c3 0-1